000 00522nam a22002057a 4500
003 LK-CoDNM
005 20250128102019.0
008 250128b |||||||| |||| 00| 0 eng d
040 _aLK-CoDNM
_dLK-CoDNM
_eLK-CoDNM
041 _aeng
080 _a13
_bM2
100 _aHertwig Richard
_vKingsley J.S.
245 _aA Manual Of Zoology
260 _aEngland
_bG.Bell & Sons, LTD
_g1902
300 _axii, : ill ; 606p, 22 cm
650 _aScience
650 _aZoology
650 _aArthrogastrida
942 _cBK
999 _c237510
_d237510